Tektites (Record no. 47630)

MARC details
000 -LEADER
fixed length control field 00782nam a2200289Ia 4500
003 - CONTROL NUMBER IDENTIFIER
control field OSt
005 - DATE AND TIME OF LATEST TRANSACTION
control field 20220912150441.0
008 - FIXED-LENGTH DATA ELEMENTS--GENERAL INFORMATION
fixed length control field 220909b |||||||| |||| 00| 0 eng d
037 ## - SOURCE OF ACQUISITION
Terms of availability Textual
040 ## - CATALOGING SOURCE
Original cataloging agency CSL
Language of cataloging eng
Transcribing agency CSL
041 ## - LANGUAGE CODE
Language code of text/sound track or separate title eng
100 ## - MAIN ENTRY--PERSONAL NAME
Personal name Barnes Virgil E Ed.
245 #0 - TITLE STATEMENT
Title Tektites
260 ## - PUBLICATION, DISTRIBUTION, ETC.
Place of publication, distribution, etc. Dowden
Name of publisher, distributor, etc. Hutchinson and Ross
Date of publication, distribution, etc. 1973
300 ## - PHYSICAL DESCRIPTION
Extent xv, 445p.
Dimensions cm.
490 ## - SERIES STATEMENT
Series statement Benchmark papers in geology
650 ## - SUBJECT ADDED ENTRY--TOPICAL TERM
Topical term or geographic name entry element Petrology
650 ## - SUBJECT ADDED ENTRY--TOPICAL TERM
Topical term or geographic name entry element Geology
700 ## - ADDED ENTRY--PERSONAL NAME
Personal name Barnes Mildred A Ed.
942 ## - ADDED ENTRY ELEMENTS (KOHA)
Classification part H25M87z7, L3
Koha item type Textual
Source of classification or shelving scheme Colon Classification (CC)
Holdings
Withdrawn status Lost status Damaged status Not for loan Home library Current library Date acquired Total Checkouts Full call number Barcode Date last seen Price effective from Koha item type Public note
        Central Science Library Central Science Library 2022-09-12   H25M87z7 L3 SL0528985 2022-09-12 2022-09-12 Textual {Benchmark papers in geology}
Copyright @ Delhi University Library System